000 01228naa a22003017a 4500
001 BR8806154
003 BR-BrBNA
005 20240918180319.0
007 ta
008 230509b bl.||||| |||| 00| 0 por d
040 _aBR-BrBNA
_bpor
_cBiblioteca Nacional de Agricultura
041 _a(Pt)
072 _aL10
_b5240
_b3580
090 _aL10 BR8806154
100 1 _aMies Filho, A.
111 1 _a7. Congresso Brasileiro de Reproducao Animal
_cBelo Horizonte, MG (Brazil)
_d1987
245 1 _aTecnologia do semen e inseminacao artificial na especie ovino
246 1 _a[Semen technology and artificial insemination in sheep]
246 1 _a[7th Brazilian Congress of Animal Reproduction. Annals]
260 3 _aCampinas, SP (Brasil):
_c1988.
500 _aLamounier, R.E.V. (ed.) 7. Congresso Brasileiro de Reproducao Animal. Anais Campinas, SP (Brasil): 1988. p. 1-16 (BR8806154-AM)L10
650 _aOVINO
650 _aSEMEN
650 _aINSEMINACAO ARTIFICIAL
773 0 _t7. Congresso Brasileiro de Reproducao Animal. Anais
_aLamounier, R.E.V. (ed.). Fundacao Cargill, Campinas, SP (Brasil)
_wL10 BR8806154
_gCampinas, SP (Brasil), 1988. p. 1-16
909 _a202404
_bLucia
_c55
_dLucia Elande
942 _cAM
_2AGRIS
999 _c319758
_d319758